000 00918nam a22001697a 4500
005 20120607103954.0
020 _a9780143068235
_c325.00
037 _bपेंगुइन बुक्स
100 _aसेठ, लीला
_948586
245 _aघर और अदालत:
_cलीला सेठ, प्रदीप तिवारी द्वारा अनुदित
_bएक महिला चीफ जस्टिस की कलम से/
260 _aनई दिल्ली
_bपेंगुइन बुक्स
_c2010
270 _a11, कम्युनिटी सेंटर, पंचशील पार्क
_e110017
_bनई दिल्ली
300 _axvi,384 पृ.
_c22 सें.मी.(अजिल्द)
942 _2ddc
_cHN
_mसेठली
999 _c67615
_d67615